Statistics for Biggest Cities in Eswatini

Click here to take the quiz!

General Stats

  • This quiz has been taken 27 times
  • The average score is 4 of 10

Answer Stats

PopulationCity% Correct
76,218Mbabane
100%
110,537Manzini
88%
10,342Big Bend
38%
5,750Piggs Peak
38%
6,763Hluti
25%
9,724Malkerns
25%
8,652Mhlume
25%
9,016Nhlangano
25%
6,512Simunye
25%
6,152Siteki
25%

Score Distribution

Percentile by Number Answered

Percent of People with Each Score

Your Score History

You have not taken this quiz